1187 1528 1980 1272 1196 1278 1275 1483 1447 1326 1409 1596 1871 1820 1678 1773 1112 1092 1332 1084 1678 1473 1225 1964 1310 1010 1933 1443 1166 1501 1456 1710 1575 1660 1165 1436 1106 1797 1867 1004 1049 1896 1622 1786 1602 1631 1561 1627 1142 1043 1030 1151 1390 1468 1708 1433 1487 1740 1667 1897 1813 1327 1869 1509 1240 1318 1032 1407 1417 1679 1348 1883 1439 1944 1147 1375 1368 1333 1657 1246 1395 1167 1033 1850 1449 1575 1640 1632 1079 1185 1416 1186 1263 1020 1361 1817 1831 1183 1558 BCNSPRNW ULIB Ver.6.0+V

เปลี่ยนเป็นภาษาไทย

Change to English
 แสดงรายละเอียดบรรณานุกรม
  กลับหน้าหลัก

Brief Record : Get Marc (ISO 2709) : E-mail record : QR code < ปิดหน้าต่าง
LEADER : 00000nam 2200000uu 4500
001    13399123586
003     ULIB
008    141014s2557||||th 000 0 tha d
020    ^a9786162711756
060  4 ^aQV250^bท637
245 00 ^aTrends in infectious disease pharmacotherapy 2014 /^cบรรณาธิการ สุทธิพร ภัทรชยากุล ... [และคนอื่น ๆ]
250    ^aพิมพ์ครั้งที่ 1
260    ^aสงขลา :^bภาควิชาเภสัชกรรมคลินิก คณะเภสัชศาสตร์มหาวิทยาลัยสงขลานครินทร์,^c2557
300    ^a364 , [4] หน้า :^bภาพประกอบ
650  7 ^aสารต้านจุลชีพ^xการใช้รักษา
650  7 ^aโรคติดเชื้อ^xการรักษาด้วยยา
650  7 ^aการติดเชื้อ^xการรักษาด้วยยา
650  7 ^aแบคทีเรียก่อโรค^xการรักษาด้วยยา
650  7 ^aสารต้านการติดเชื้อ^xการใช้รักษา
650  7 ^aปฎิชีวนะ^xการใช้รักษา
700 0  ^aสุทธิพร ภัทรชยากุล,^eบรรณาธิการ
710 2  ^aมหาวิทยาลัยสงขลานครินทร์.^bคณะเภสัชศาสตร์.^bภาควิชาเภสัชกรรมคลินิก
945    ^p400^l0^i21387
945    ^p400^l0^i21388
945    ^p400^l0^i21389
999    ^aทศพร เกษรทอง
รายการนี้ยังไม่มีแท็ก
คุณยังไม่ได้ล็อกอิน คุณสามารถมีกิจกรรมร่วมกับเว็บไซต์ได้ แต่ต้องล็อกอินก่อน ::
  ล็อกอิน

รายการสื่อสารสนเทศ

ลำดับที่ ประเภท เลขเรียก/บาร์โค้ด สถานที่ สถานะ
1. วิทยาศาสตร์การแพทย์ และสุขภาพ
วิทยาศาสตร์การแพทย์ และสุขภาพ
สถานะ=หนังสือเก่า
QV250 ท637 ฉ.1 
  Barcode: 21387
ห้องสมุดวิทยาเขตนครสวรรค์
►ส่วนจัดเก็บหนังสือเก่า นว.
บนชั้น
  ขอยืม
2. วิทยาศาสตร์การแพทย์ และสุขภาพ
วิทยาศาสตร์การแพทย์ และสุขภาพ
สถานะ=หนังสือเก่า
QV250 ท637 ฉ.2 
  Barcode: 21388
ห้องสมุดวิทยาเขตนครสวรรค์
►ส่วนจัดเก็บหนังสือเก่า นว.
บนชั้น
  ขอยืม
3. วิทยาศาสตร์การแพทย์ และสุขภาพ
วิทยาศาสตร์การแพทย์ และสุขภาพ
สถานะ=หนังสือเก่า
QV250 ท637 ฉ.3 
  Barcode: 21389
ห้องสมุดวิทยาเขตนครสวรรค์
►ส่วนจัดเก็บหนังสือเก่า นว.
บนชั้น
  ขอยืม

BibComment


ยังไม่เคยถูกคอมเมนท์

คอมเมนท์ทรัพยากรรายการนี้
  คอมเมนท์: Trends in infect..


 Copyright 2026. Bcnsprnw @Library